[Event "Oberliga Nord N 9192"]
[Site "Germany"]
[Date "1992.??.??"]
[Round "?"]
[White "Dietz, Juergen"]
[Black "Kunsztowicz, Uwe Wilhelm"]
[Result "0-1"]
[WhiteElo "2320"]
[BlackElo "2330"]
[PlyCount "100"]
[EventDate "1991.10.??"]
[EventType "team"]
[EventRounds "11"]
[EventCountry "GER"]
[SourceTitle "EXT 1997"]
[Source "ChessBase"]
[SourceDate "1996.11.15"]
[SourceVersion "1"]
[SourceVersionDate "1996.11.15"]
[SourceQuality "1"]

1. e4 c5 2. b3 d6 3. Bb2 Nf6 4. Bb5+ Nbd7 5. Bxf6 gxf6 6. Qh5 a6 7. Bxd7+ Qxd7 8. f3 f5 9. Nc3 Bg7 10. Rd1 fxe4 11. Nd5 exf3 12. Nxf3 Qc6 13. Qg5 Bf8 14. 0-0 Be6 15. c4 0-0-0 16. d4 Kb8 17. Nf4 cxd4 18. Nxd4 Qb6 19. c5 Qa5 20. Nfxe6 fxe6 21. Nxe6 Rc8 22. Rf5 Qxa2 23. Rdf1 Qxb3 24. Nxf8 dxc5 25. Rf7 Ka7 26. Qg7 Qe3+ 27. Kh1 Qd4 28. Ne6 Qxg7 29. Rxg7 c4 30. Rxe7 Rhe8 31. Rxe8 Rxe8 32. Nf4 b5 33. Nd5 Rd8 34. Nb4 Kb6 35. Rf6+ Kb7 36. Rf7+ Kc8 37. h4 Rd6 38. Ra7 c3 39. Rf7 a5 40. Na2 b4 41. Rf5 Rd2 42. Nxc3 bxc3 43. Rc5+ Kb7 44. Rxc3 Kb6 45. Kh2 h5 46. Kh3 Rd4 47. Rc8 a4 48. Ra8 Kb5 49. Rb8+ Kc4 50. Rc8+ Kb3 0-1

[Event "Oberliga Nord N 9192"]
[Site "Germany"]
[Date "1992.??.??"]
[Round "?"]
[White "Kunsztowicz, Uwe Wilhelm"]
[Black "Voigt, Martin"]
[Result "1-0"]
[WhiteElo "2330"]
[BlackElo "2240"]
[PlyCount "69"]
[EventDate "1991.10.??"]
[EventType "team"]
[EventRounds "11"]
[EventCountry "GER"]
[SourceTitle "EXT 1997"]
[Source "ChessBase"]
[SourceDate "1996.11.15"]
[SourceVersion "1"]
[SourceVersionDate "1996.11.15"]
[SourceQuality "1"]

1. Nf3 Nf6 2. b3 d5 3. Bb2 c6 4. g3 Bg4 5. Bg2 Nbd7 6. 0-0 Bxf3 7. Bxf3 e5 8. d3 Bc5 9. e4 0-0 10. Nd2 a5 11. a4 Re8 12. Bg2 Nf8 13. exd5 Nxd5 14. Nf3 Ng6 15. d4 Bd6 16. h4 e4 17. Ng5 f5 18. c4 Nf6 19. d5 e3 20. Bxf6 Qxf6 21. dxc6 exf2+ 22. Kh1 Ne5 23. Qh5 h6 24. cxb7 Rad8 25. Bd5+ Kh8 26. Rad1 Bb8 27. Rxf2 Ng4 28. Qxg4 fxg4 29. Rxf6 gxf6 30. Nf7+ Kg7 31. Nxd8 Rxd8 32. Kg2 f5 33. Re1 Bd6 34. Re6 Bb8 35. Rc6 1-0

[Event "Hamburg-ch"]
[Site "Hamburg"]
[Date "1992.??.??"]
[Round "7"]
[White "Schoof, Martin"]
[Black "Kunsztowicz, Uwe Wilhelm"]
[Result "1/2-1/2"]
[WhiteElo "2275"]
[BlackElo "2330"]
[PlyCount "134"]
[EventDate "1992.??.??"]
[EventType "swiss"]
[EventRounds "9"]
[EventCountry "GER"]
[SourceTitle "TD"]
[Source "ChessBase"]
[SourceDate "1994.03.01"]
[SourceVersion "1"]
[SourceVersionDate "1994.03.01"]
[SourceQuality "1"]

1. Nf3 g6 2. g3 Bg7 3. d4 Nf6 4. Bg2 0-0 5. 0-0 d6 6. c4 Nc6 7. Nc3 Rb8 8. h3 a6 9. Be3 b5 10. Nd2 Bd7 11. Rc1 e5 12. dxe5 Nxe5 13. c5 d5 14. Bf4 Re8 15. Nf3 Nxf3+ 16. exf3 Be6 17. Be5 Nh5 18. Bxg7 Nxg7 19. Ne2 c6 20. Nd4 Bd7 21. Qd2 Ne6 22. Nxe6 Bxe6 23. Qd4 Bd7 24. Qd2 Qf6 25. Rfe1 b4 26. Rxe8+ Bxe8 27. f4 Bd7 28. Bf1 a5 29. Re1 h5 30. Re5 Kg7 31. Kh2 a4 32. Qd4 Be6 33. Bd3 Kf8 34. f5 gxf5 35. Bxf5 Re8 36. f4 Re7 37. Bc2 a3 38. bxa3 bxa3 39. Bd1 h4 40. g4 Bd7 41. Rxd5 Qxd4 42. Rxd4 Be6 43. Rd3 Rb7 44. Rxa3 Rb2+ 45. Kg1 Rb1 46. Rd3 Bxa2 47. Kf2 Rc1 48. Rd6 Bd5 49. Be2 Rc3 50. Bf1 Kg7 51. f5 Rxc5 52. Ke3 Rc1 53. Bd3 f6 54. g5 fxg5 55. Rg6+ Kf7 56. Rxg5 Rh1 57. Kf4 Rxh3 58. Be2 Rh1 59. Bh5+ Ke7 60. Rg7+ Kd6 61. Rg6+ Kc5 62. Rh6 Rf1+ 63. Kg5 Kd4 64. Bg6 Ke5 65. Rxh4 Rg1+ 66. Rg4 Rxg4+ 67. Kxg4 Kf6 1/2-1/2